Languages of the World Quiz - Statistics

General Stats
  • This quiz has been taken 126 times
  • The average score is 172 of 196
Answers on the Map
Answers color-coded by a green-red scale on the quiz's map according to % correct below.
 
Answer Stats
Language % Correct
English / Swahili
100%
Afrikaans / Ndebele / English / Sepedi / Sesotho/ Setswana
99%
Arabic / French
99%
Belarusian / Russian
99%
Chewa / Chibarwe / English / Kalanga / Koisan / Nambya
99%
Chewa / Tumbuka / Yao / Tonga / Sena / English
99%
Comorian / French / Arabic
99%
Dinka / Nuer / Bari / Murle / Luo / English
99%
English
99%
English / Afrikaans / German / Khoekhoegowab / Oshiwambo
99%
English / Bemba / Nyanja / Tonga / Tumbuka
99%
English / French
99%
English / French / Bislama
99%
English / French / Seychellois Creole
99%
English / Gilbertese
99%
English / Grenadian Creole English / Grenadian Creole French
99%
English / Hiri Motu
99%
English / Krio
99%
English / Maori
99%
English / Marshallese
99%
English / Pijin
99%
English / Samoan
99%
English / Setswana
99%
Fijian / English / Fiji Hindi / Rotuman
99%
French / Swahili / Kikongo ya leta / Lingala
99%
French / Swahili / Kirundi
99%
German / French / Italian
99%
Irish / English
99%
Malay / English
99%
Nauruan / English
99%
Palauan / English
99%
Russian
99%
Spanish / French / Portuguese
99%
Swazi / English
99%
Tongan / English
99%
Tuvaluan / English
99%
Catalan / Spanish
98%
French / Sango
98%
French
98%
French / Buduma / Fulfulde
98%
French / German / Dutch
98%
French / Haitian Creole
98%
French / Kituba / Lingala
98%
French / Wolof / Pulaar
98%
German / French
98%
Malagasy / French
98%
Spanish
98%
Spanish / Creole english
98%
Spanish / Guarani
98%
Spanish / Guaymí / Buglere / Emberá
98%
Spanish / Kichwa
98%
Spanish / Mayan
98%
Spanish / Miskito / Rama / Sumo
98%
Spanish / Quechua / Aymara / Guarani
98%
Arabic / Kurdish
97%
Portuguese / Forro Creole / Angolar Creole
97%
Portuguese
97%
Portuguese / Cape Verdean Creole
97%
Portuguese / Makhuwa / Sena / Tsonga
97%
Portuguese / Tetum
97%
Arabic
96%
Arabic / Tamazight
96%
Bambara / Bobo / Bozo / Arabic / Dogon / Toro So / Fula / Kassonke /
Maninke / Minyanka / Senufo / Senara / Songhay / Koyraboro Senni / Soninke / Tamasheq
96%
German
96%
Somali / Arabic
96%
Japanese
95%
Italian
94%
Greek / Turkish
92%
Mandarin
92%
Mandarin / Putonghua
92%
Korean
90%
Polish
89%
Turkish
89%
Burmese / Chin
88%
Finnish / Swedish
88%
Greek
87%
Swedish
87%
Dutch
85%
Hindi
85%
Thai
85%
Ukrainian
85%
Albanian / Serbian
83%
Danish
83%
Mongolian
83%
Romanian
82%
Vietnamese
82%
Estonian
81%
Norwegian / Sami
81%
Bosnian / Serbian / Croatian
80%
Lithuanian
80%
Hungarian
79%
Indonesian / Javanese / Sundanese
79%
Albanian
78%
Latvian
78%
Serbian
78%
Czech
77%
Croatian
76%
Icelandic
76%
Bulgarian
74%
Malay / Tamil / Singaporean Mandarin
73%
Slovak
73%
Kazakh
72%
Tagalog / Filipino
72%
Slovene
71%
Malay
70%
Uzbek / Karakalpak
69%
Armenian
68%
Georgian / Abkhaz
68%
Macedonian
67%
Urdu
67%
Lao
66%
Khmer
65%
Nepali
65%
Persian / Farsi
65%
Bangla / Bengali
64%
Kinyarwanda / Swahili
63%
Hebrew
62%
Swahili
61%
Tajik
60%
Turkmen
60%
Azerbaijani
57%
Dzongkha / Bhutanese
55%
Kyrgyz
53%
Montenegrin
52%
Sinhala / Tamil
50%
Maltese
49%
Amharic / Afar / Oromo
44%
Dari / Pashto
44%
Hausa / Igbo / Yoruba
40%
Tigrinya / Tigre / Kunama
29%
Sesotho
27%
Dhivehi
16%
Mooré / Bissa / Dyula / Fula
14%
No matching quizzes found
Score Distribution
Percent of People with Each Score
Percentile by Number Answered
Your Score History
You have not taken this quiz